书目信息 |
| 题名: |
4周攻克考博英语写译周计划
|
|
| 作者: | ;博士研究生入学英语考试命题研究组 编著 | |
| 分册: | ||
| 出版信息: | 北京 机械工业出版社 2016 |
|
| 页数: | 244页 | |
| 开本: | 26cm | |
| 丛书名: | 英语周计划系列丛书 | |
| 单 册: | ||
| 中图分类: | H319.36 | |
| 科图分类: | ||
| 主题词: | 英语--Ying Yu--写作--博士生入学考试--升学参考资料 , 英语--Ying Yu--翻译--博士生入学考试--升学参考资料 | |
| 电子资源: | ||
| ISBN: | 978-7-111-53098-5 | |
| 000 | 01158nam0 22003011 450 | |
| 001 | 0101082425 | |
| 005 | 20161201082425.0 | |
| 010 | @a978-7-111-53098-5@dCNY32.80 | |
| 100 | @a20160518d2016 em y0chiy50 ea | |
| 101 | 0 | @achi@aeng |
| 102 | @aCN@b110000 | |
| 105 | @ay z 000yy | |
| 106 | @ar | |
| 200 | 1 | @a4周攻克考博英语写译周计划@A4Zhou Gong Ke Kao Bo Ying Yu Xie Yi Zhou Ji Hua@e2017@f博士研究生入学考试命题研究组编著 |
| 205 | @a4版 | |
| 210 | @a北京@c机械工业出版社@d2016 | |
| 215 | @a244页@d26cm | |
| 225 | 2 | @a英语周计划系列丛书@AYing Yu Zhou Ji Hua Xi Lie Cong Shu |
| 300 | @a环球卓越 | |
| 304 | @a附高分写作模板 | |
| 330 | @a本书包括英译汉翻译技巧、汉译英翻译技巧、写作基础篇、写作提高篇四部分,对博士生英语写作与翻译的基础知识进行了讲解。 | |
| 461 | 0 | @12001 @a英语周计划系列丛书 |
| 606 | 0 | @a英语@AYing Yu@x写作@x博士生入学考试@j升学参考资料 |
| 606 | 0 | @a英语@AYing Yu@x翻译@x博士生入学考试@j升学参考资料 |
| 690 | @aH319.36@v5 | |
| 711 | 02 | @a博士研究生入学英语考试命题研究组@ABo Shi Yan Jiu Sheng Ru Xue Ying Yu Kao Shi Ming Ti Yan Jiu Zu@4编著 |
| 801 | 0 | @aCN@bTANGWEI@c20161128 |
| 905 | @b0951150-4@dH319.36@e129@f5 | |
| 4周攻克考博英语写译周计划:2017/博士研究生入学考试命题研究组编著 .-4版.-北京:机械工业出版社,2016 |
| 244页;26cm.-(英语周计划系列丛书) |
| 环球卓越 |
| ISBN 978-7-111-53098-5:CNY32.80 |
| 本书包括英译汉翻译技巧、汉译英翻译技巧、写作基础篇、写作提高篇四部分,对博士生英语写作与翻译的基础知识进行了讲解。 |
| ● |
| 相关链接 |
|
|
|
|
正题名:4周攻克考博英语写译周计划
索取号:H319.36/129
 
预约/预借
| 序号 | 登录号 | 条形码 | 馆藏地/架位号 | 状态 | 备注 |
| 1 | 0951150 | 209511508 | 第四借阅区/ [索取号:H319.36/129] | 在馆 | |
| 2 | 0951151 | 209511517 | 第四借阅区/ [索取号:H319.36/129] | 在馆 | |
| 3 | 0951152 | 209511526 | 第四借阅区/ [索取号:H319.36/129] | 在馆 | |
| 4 | 0951153 | 209511535 | 第四借阅区/ [索取号:H319.36/129] | 在馆 | |
| 5 | 0951154 | 209511544 | 第四借阅区/ [索取号:H319.36/129] | 在馆 | |
| 6 | 908257 | 209082570 | 第二样本阅览室/ [索取号:H319.36/129] | 在馆 | |
| 7 | 908258 | 209082589 | 第四借阅区/ [索取号:H319.36/129] | 在馆 | |
| 8 | 908259 | 209082598 | 第四借阅区/ [索取号:H319.36/129] | 在馆 | |
| 9 | 908260 | 209082605 | 第四借阅区/ [索取号:H319.36/129] | 在馆 | |
| 10 | 908261 | 209082614 | 第四借阅区/ [索取号:H319.36/129] | 在馆 |